Statistics for Countries by GDP (nominal)

Click here to take the quiz!

General Stats

  • This quiz has been taken 122 times
  • The average score is 44 of 50

Answer Stats

GDP (Billions/US$)Country% Correct
2,200Brazil
99%
9,200China
99%
3,700Germany
99%
2,100Russia
99%
16,800United States of America
99%
2,800France
98%
1,800India
98%
2,100Italy
98%
1,400Spain
98%
2,700United Kingdom
98%
1,800Canada
97%
4,900Japan
97%
580Sweden
97%
610Argentina
96%
1,300Mexico
96%
520Norway
95%
870Indonesia
94%
1,500Australia
93%
260Egypt
93%
750Saudi Arabia
93%
370South Africa
93%
1,300South Korea
92%
820Turkey
92%
530Poland
91%
230Pakistan
90%
690Switzerland
90%
270Finland
89%
240Greece
89%
490Iran
89%
850Netherlands
89%
280Chile
88%
510Nigeria
88%
520Belgium
87%
230Portugal
87%
430Austria
86%
420Thailand
86%
400United Arab Emirates
85%
380Colombia
83%
340Denmark
83%
230Ireland
82%
290Israel
80%
310Malaysia
80%
490Taiwan
80%
300Singapore
76%
210Algeria
75%
270Philippines
70%
370Venezuela
70%
200Qatar
68%
210Czech Republic
67%
220Kazakhstan
48%

Score Distribution

Percentile by Number Answered

Percent of People with Each Score

Your Score History

You have not taken this quiz